000 002580000a22000970004500
100 1 _aJones, Peter
245 1 0 _aLos obispos homosexuales : Un oxímoron teológico
300 _aVol. 6, Núm 1 (2004), Páginas 84-87
773 0 _tReforma Siglo 21
942 _cANA
999 _c52957
_d52957